Nationalism : its meaning and history

Αποθηκεύτηκε σε:
Λεπτομέρειες βιβλιογραφικής εγγραφής
Κύριος συγγραφέας: Kohn, Hans 1891-1971
Μορφή: Βιβλίο
Γλώσσα:English
Δημοσίευση: Malabar, Fla. : Krieger, 1982 c1965
Έκδοση:Rev. ed.
Σειρά:Anvil series
Θέματα:
Ετικέτες: Προσθήκη ετικέτας
Δεν υπάρχουν, Καταχωρήστε ετικέτα πρώτοι!

MARC

LEADER 00000nam a2200000 i 4500
001 1/36725
008 030614s1982 eng d
020 |a 0-89874-479-2 
035 |l 10070121 
040 |a GR-MY-UA  |b gre  |e aacr 
041 0 |a eng 
082 0 |a 320.5409  |2 (21) 
100 1 |a Kohn, Hans  |d 1891-1971. 
245 1 0 |a Nationalism :  |b its meaning and history /  |c Hans Kohn 
250 |a Rev. ed. 
260 |a Malabar, Fla. :   |b Krieger,   |c 1982  |c c1965 
300 |a 191 σ.;  |c 20 εκ. 
490 1 |a Anvil series 
500 |a Επανέκδοση. Πρώτη δημοσίευση: αναθ. εκδ. Princeton, N.J.: Van Nostrand 1965. (An Anvil original; 8) 
504 |a Περιέχει βιβλιογραφικές παραπομπές και ευρετήριο 
650 0 0 |a Nationalism. 
650 0 0 |a Nationalism  |x History. 
830 0 |a Anvil series 
852 |a INST  |b LESVOS  |e 20030614  |h 320.5409 KOH  |p 005100027053  |q 005100027053  |t BK  |y 0 
901 |a BIBL1-2003-2 
909 |a Λ  |b 104783 
922 |a 1ΕΛΗ  |b 200305  |c ΕΠΕΑΕΚ2/ΤΚΑ  |d ΠΑΠΑΣΩΤΗΡΙΟΥ & ΕΛΕΥΘΕΡΟΥΔΑΚΗΣ 
950 |a 117-2002-09-20 
970 |a ΧΡΙΣΤΟΦΑ  |b ΝΙΚΗ  |z 2003/06/27